<?xml version="1.0" encoding="UTF-8"?>
<record
    xmlns:xsi="http://www.w3.org/2001/XMLSchema-instance"
    xsi:schemaLocation="http://www.loc.gov/MARC21/slim http://www.loc.gov/standards/marcxml/schema/MARC21slim.xsd"
    xmlns="http://www.loc.gov/MARC21/slim">

  <leader>00621nam a22001817a 4500</leader>
  <controlfield tag="003">OSt</controlfield>
  <controlfield tag="005">20141103162401.0</controlfield>
  <controlfield tag="008">130702s2001    sp ||||| |||| 0|| 0dcat d</controlfield>
  <datafield tag="040" ind1=" " ind2=" ">
    <subfield code="c">CDMR</subfield>
  </datafield>
  <datafield tag="245" ind1="0" ind2="0">
    <subfield code="a">Josep M. Cadena i Catalan</subfield>
    <subfield code="c">[edita: Vicen&#xE7; Mart&#xED;nez i Tud&#xF3;n ; texte: Andreu Avel&#xB7;l&#xED; Art&#xED;s "Sempronio"]</subfield>
  </datafield>
  <datafield tag="260" ind1=" " ind2=" ">
    <subfield code="a">[Barcelona</subfield>
    <subfield code="b">Homenatge dels artistes catalans</subfield>
    <subfield code="c">2001]</subfield>
  </datafield>
  <datafield tag="300" ind1=" " ind2=" ">
    <subfield code="a">37 p.</subfield>
    <subfield code="b">il. b/n</subfield>
  </datafield>
  <datafield tag="650" ind1="0" ind2="4">
    <subfield code="9">3139</subfield>
    <subfield code="a">Periodistes catalans</subfield>
    <subfield code="v">Biografia</subfield>
  </datafield>
  <datafield tag="600" ind1="1" ind2=" ">
    <subfield code="9">2992</subfield>
    <subfield code="a">Cadena, Josep M.</subfield>
    <subfield code="d">1935-</subfield>
    <subfield code="q">(Josep Maria)</subfield>
  </datafield>
  <datafield tag="700" ind1="1" ind2=" ">
    <subfield code="9">3905</subfield>
    <subfield code="a">Mart&#xED;nez i Tud&#xF3;n, Vicen&#xE7;</subfield>
    <subfield code="e">ed.</subfield>
  </datafield>
  <datafield tag="700" ind1="1" ind2=" ">
    <subfield code="9">514</subfield>
    <subfield code="a">Sempronio</subfield>
  </datafield>
  <datafield tag="942" ind1=" " ind2=" ">
    <subfield code="2">udc</subfield>
    <subfield code="c">MON</subfield>
  </datafield>
  <datafield tag="999" ind1=" " ind2=" ">
    <subfield code="c">6546</subfield>
    <subfield code="d">6546</subfield>
  </datafield>
  <datafield tag="952" ind1=" " ind2=" ">
    <subfield code="0">0</subfield>
    <subfield code="1">0</subfield>
    <subfield code="4">0</subfield>
    <subfield code="7">0</subfield>
    <subfield code="a">CDMR</subfield>
    <subfield code="b">CDMR</subfield>
    <subfield code="d">2013-01-16</subfield>
    <subfield code="l">0</subfield>
    <subfield code="o">Bf</subfield>
    <subfield code="p">CDMR13076791</subfield>
    <subfield code="r">2013-07-02</subfield>
    <subfield code="w">2013-07-02</subfield>
    <subfield code="y">MON</subfield>
  </datafield>
</record>
